Most produced Tank of each WW2 nation. - Statistics

General Stats
  • This quiz has been taken 175 times
  • The average score is 4 of 10
Answer Stats
Nation Most Produced tank % Correct
U.S.A M4 Sherman
98%
Soviet Union T-34
98%
Germany Panzer 4
65%
Japan Chi-Ha
41%
Britain Valentine
28%
Czechoslovakia Panzer 38(t)
22%
Poland 7TP
19%
Canada Ram
15%
France R 35
13%
Italy CV 33
2%
No matching quizzes found
Score Distribution
Percent of People with Each Score
Percentile by Number Answered
Your Score History
You have not taken this quiz